Možnosti financovania investícií v podmienkach EÚ diplomová práca

Gespeichert in:
Bibliographische Detailangaben
1. Verfasser: Dičérová, Beáta
Körperschaft: Národohospodárska fakulta EU. Katedra hospodárskej politiky
Weitere Verfasser: Kopkáš, Peter
Format: Buch
Sprache:Slowakisch
Veröffentlicht: Bratislava 2017
Tags: Tag hinzufügen
Keine Tags, Fügen Sie das erste Tag hinzu!

MARC

LEADER 00000nbm a2200000 4500
001 0231855
005 20170807100159.0
041 0 |a slo 
044 |a SK 
245 1 0 |a Možnosti financovania investícií v podmienkach EÚ  |b diplomová práca  |c Beáta Dičérová ; školiteľ: Peter Kopkáš 
264 1 |a Bratislava  |c 2017 
300 |a 69 s. 
100 1 |a Dičérová, Beáta 
700 1 |a Kopkáš, Peter 
710 2 |a Národohospodárska fakulta EU. Katedra hospodárskej politiky